00580nam a2200181Ia 4500003000900000008004100009040001600050080001700066100002400083245006000107260003900167300002300206650002700229650002700256942000700283999001500290952009300305IN-BaIIA211028s9999 xx 000 0 eng d cIIA Library a535.8bCON-2 aConrady, A. E93734 0aApplied optics and optical designbpt. 2cA. E. Conrady aNew YorkbDover Publicationsc1960 a[various pagings.] a Applied optics97948 aOptical design 97949 cBK c4524d4524 00104070aBANbBANcGENd1974-10-09l0o535.8/ CON-2p5050r2021-11-05w1974-10-09yBK